[Event "Leiden LCT op-B 11th"]
[Site "Leiden"]
[Date "2017.07.20"]
[Round "6"]
[White "Van Brussel, Bert"]
[Black "Kubbenga, Michael"]
[Result "0-1"]
[WhiteElo "1828"]
[BlackElo "1896"]
[PlyCount "77"]
[EventDate "2017.07.14"]
[EventType "swiss"]
[EventRounds "9"]
[EventCountry "NED"]
[SourceTitle "EXT 2018"]
[Source "ChessBase"]
[SourceDate "2017.10.13"]
[SourceVersion "1"]
[SourceVersionDate "2017.10.13"]
[SourceQuality "1"]

1. c4 Nf6 2. g3 g6 3. Nc3 Bg7 4. Bg2 0-0 5. d4 d6 6. Nf3 c6 7. 0-0 Nbd7 8. b3 e5 9. Bb2 Re8 10. e3 Qc7 11. Qc2 exd4 12. exd4 Nf8 13. Rfe1 Bf5 14. Qd2 Ne4 15. Nxe4 Bxe4 16. Re2 d5 17. Rae1 Ne6 18. Ne5 Bxg2 19. Kxg2 Rad8 20. c5 Re7 21. f4 Rde8 22. b4 f6 23. Nf3 Nf8 24. Ng1 Rxe2+ 25. Rxe2 Qd7 26. a4 Kf7 27. Qe1 Rxe2+ 28. Qxe2 a6 29. Nf3 Qf5 30. b5 axb5 31. axb5 Qe4 32. Qxe4 dxe4 33. Nd2 f5 34. Nc4 cxb5 35. Nd6+ Ke7 36. Nxb7 Ne6 37. Nd6 b4 38. Nc8+ Kd8 39. Nd6 0-1

[Event "Leiden LCT op-B 11th"]
[Site "Leiden"]
[Date "2017.07.17"]
[Round "4"]
[White "Holwijn, Melvin"]
[Black "Van Brussel, Bert"]
[Result "1-0"]
[WhiteElo "1932"]
[BlackElo "1828"]
[PlyCount "69"]
[EventDate "2017.07.14"]
[EventType "swiss"]
[EventRounds "9"]
[EventCountry "NED"]
[SourceTitle "EXT 2018"]
[Source "ChessBase"]
[SourceDate "2017.10.13"]
[SourceVersion "1"]
[SourceVersionDate "2017.10.13"]
[SourceQuality "1"]

1. d4 Nf6 2. c4 g6 3. Nc3 d5 4. Bf4 Bg7 5. e3 0-0 6. Nf3 c5 7. dxc5 Ne4 8. Rc1 Nxc3 9. bxc3 Qa5 10. Qb3 dxc4 11. Bxc4 Qxc5 12. h3 e5 13. Bh2 Nc6 14. Be2 Be6 15. Qb1 a6 16. 0-0 b5 17. Rfd1 Rfd8 18. Ng5 Bf5 19. Ne4 Bxe4 20. Qxe4 f5 21. Qb1 Qa3 22. c4 b4 23. Rd5 b3 24. axb3 Nb4 25. Rxd8+ Rxd8 26. c5 Rc8 27. Bc4+ Kf8 28. Rd1 Bf6 29. Rd7 Be7 30. Bxe5 Rxc5 31. Bb2 Qa2 32. Qxa2 Nxa2 33. Ba3 Re5 34. Rxe7 Rxe7 35. Bxa6 1-0

[Event "Leiden op-A 10th"]
[Site "Leiden"]
[Date "2016.07.22"]
[Round "7"]
[White "Van Brussel, Bert"]
[Black "Baak, Karl"]
[Result "1-0"]
[WhiteElo "1849"]
[BlackElo "1901"]
[PlyCount "57"]
[EventDate "2016.07.15"]
[EventType "swiss"]
[EventRounds "9"]
[EventCountry "NED"]
[SourceTitle "CBM 173 Extra"]
[Source "ChessBase"]
[SourceDate "2016.08.29"]
[SourceVersion "1"]
[SourceVersionDate "2016.08.29"]
[SourceQuality "1"]

1. e4 e6 2. d4 d5 3. Nc3 Nf6 4. Bg5 Be7 5. e5 Nfd7 6. h4 c5 7. Bxe7 Kxe7 8. f4 Nc6 9. dxc5 Nxc5 10. Nf3 b6 11. Nd4 Qd7 12. Bb5 Bb7 13. 0-0 Rac8 14. Qg4 Kd8 15. Rad1 Kc7 16. b4 Qe7 17. Bxc6 Bxc6 18. Ncb5+ Kb8 19. Nd6 f5 20. Nxc8 Rxc8 21. Qg5 Qxg5 22. hxg5 Ne4 23. Nxe6 Bb5 24. Rfe1 Nc3 25. Nxg7 Rc4 26. g3 Rxb4 27. e6 Re4 28. Rxe4 fxe4 29. Re1 1-0

[Event "Leiden SB-chA"]
[Site "Leiden"]
[Date "2015.06.30"]
[Round "7"]
[White "Van Brussel, Bert"]
[Black "Zwinkels, Wim"]
[Result "1-0"]
[WhiteElo "1936"]
[BlackElo "1886"]
[PlyCount "65"]
[EventDate "2015.05.19"]
[EventType "swiss"]
[EventRounds "7"]
[EventCountry "NED"]
[SourceTitle "EXT 2018"]
[Source "ChessBase"]
[SourceDate "2017.10.13"]
[SourceVersion "1"]
[SourceVersionDate "2017.10.13"]
[SourceQuality "1"]

1. d4 Nf6 2. c4 c5 3. d5 b5 4. Nf3 g6 5. cxb5 a6 6. Qc2 d6 7. e4 axb5 8. Bxb5+ Nbd7 9. Nc3 Bg7 10. 0-0 0-0 11. a4 Ba6 12. Re1 Ng4 13. Rb1 Nge5 14. Nxe5 Nxe5 15. Be3 Qa5 16. Bxa6 Qxa6 17. Red1 Nc4 18. Bg5 Qa5 19. Nb5 Nxb2 20. Rxb2 Bxb2 21. Qxb2 Qxa4 22. Nc3 Qa3 23. Qd2 f6 24. Be3 Rfb8 25. Rc1 Rb2 26. Qe1 Qb3 27. h3 Ra3 28. Ne2 g5 29. Ng3 c4 30. Bd4 Rc2 31. Nf5 Kf7 32. Be3 c3 33. Kh2 1-0

[Event "Leiden op-A 8th"]
[Site "Leiden"]
[Date "2014.07.13"]
[Round "3"]
[White "Van Brussel, Bert"]
[Black "Van Orsouw, Theo"]
[Result "1-0"]
[WhiteElo "1846"]
[BlackElo "1890"]
[PlyCount "95"]
[EventDate "2014.07.11"]
[EventType "swiss"]
[EventRounds "9"]
[EventCountry "NED"]
[SourceTitle "CBM 161 Extra"]
[Source "ChessBase"]
[SourceDate "2014.08.29"]
[SourceVersion "1"]
[SourceVersionDate "2014.08.29"]
[SourceQuality "1"]

1. e4 e5 2. Nf3 Nc6 3. Bb5 a6 4. Ba4 Nf6 5. d3 b5 6. Bb3 Bc5 7. 0-0 d6 8. a4 b4 9. a5 Bg4 10. Ba4 Bd7 11. h3 h6 12. c3 0-0 13. Re1 Re8 14. Nbd2 Ba7 15. Nf1 bxc3 16. bxc3 Ne7 17. Bxd7 Qxd7 18. Be3 Bxe3 19. Nxe3 Rab8 20. Qc2 Rb5 21. c4 Rb4 22. Reb1 Reb8 23. Rxb4 Rxb4 24. Nd5 Nfxd5 25. cxd5 c5 26. Nd2 Ng6 27. Nc4 Nf4 28. Rb1 Qb5 29. Rxb4 Qxb4 30. Qd1 Qc3 31. Nxd6 Nxd3 32. Nf5 g6 33. Nxh6+ Kg7 34. Ng4 Qd4 35. Qf3 Nf4 36. Ne3 c4 37. d6 c3 38. Qg4 Qd2 39. Qg5 Qe1+ 40. Kh2 f6 41. Nf5+ Kf7 42. Qh6 gxf5 43. Qh7+ Kf8 44. Qe7+ Kg8 45. d7 Qd2 46. d8Q+ Qxd8 47. Qxd8+ Kf7 48. Qc7+ 1-0

[Event "Hilversum op-A"]
[Site "Hilversum"]
[Date "2010.06.30"]
[Round "5"]
[White "Van Brussel, Bert"]
[Black "De Groot, Rene"]
[Result "1-0"]
[WhiteElo "1887"]
[BlackElo "1814"]
[PlyCount "39"]
[EventDate "2010.06.26"]
[EventType "swiss"]
[EventRounds "9"]
[EventCountry "NED"]
[SourceTitle "CBM 137 Extra"]
[Source "ChessBase"]
[SourceDate "2010.09.01"]
[SourceVersion "1"]
[SourceVersionDate "2010.09.01"]
[SourceQuality "1"]

1. e4 Nf6 2. e5 Nd5 3. d4 c5 4. c4 Nb4 5. dxc5 N4c6 6. Nf3 g6 7. Nc3 Bg7 8. Bf4 Na6 9. Be2 0-0 10. 0-0 Nxc5 11. Re1 Ne6 12. Bg3 b6 13. Qd2 Bb7 14. Rad1 Nc5 15. Bf1 Qc8 16. Nd5 e6 17. Nf6+ Bxf6 18. exf6 e5 19. Qh6 Ne6 20. Ng5 1-0

[Event "Hilversum op-A"]
[Site "Hilversum"]
[Date "2010.06.27"]
[Round "2"]
[White "Van den Bergh, Ben G"]
[Black "Van Brussel, Bert"]
[Result "1-0"]
[WhiteElo "2008"]
[BlackElo "1887"]
[PlyCount "111"]
[EventDate "2010.06.26"]
[EventType "swiss"]
[EventRounds "9"]
[EventCountry "NED"]
[SourceTitle "CBM 137 Extra"]
[Source "ChessBase"]
[SourceDate "2010.09.01"]
[SourceVersion "1"]
[SourceVersionDate "2010.09.01"]
[SourceQuality "1"]

1. e4 e6 2. d3 d5 3. Nd2 c5 4. Ngf3 Nc6 5. g3 Nf6 6. Bg2 Be7 7. 0-0 0-0 8. Re1 Re8 9. e5 Nd7 10. c3 Qc7 11. Qe2 b6 12. Nf1 Ba6 13. h4 Rac8 14. Bf4 Qd8 15. N1h2 Bb7 16. Rad1 Nf8 17. h5 h6 18. Qd2 Nh7 19. Ng4 Ng5 20. Bxg5 Bxg5 21. Nxg5 Qxg5 22. Qxg5 hxg5 23. f4 gxf4 24. gxf4 Ne7 25. Kf2 Nf5 26. Rg1 Kh7 27. Rh1 Nh6 28. Ne3 Re7 29. d4 cxd4 30. Rxd4 Rc5 31. Rhd1 Ba6 32. Bh3 Bc4 33. b4 Rcc7 34. Nxc4 Rxc4 35. Rxc4 dxc4 36. Rd8 Rc7 37. a4 Ng8 38. Bg2 Ne7 39. Be4+ g6 40. hxg6+ fxg6 41. Rd6 Kg7 42. Rxe6 Kf7 43. Rf6+ Kg7 44. Rd6 Kf7 45. Ke3 Rc8 46. b5 Rh8 47. Kd4 Rh4 48. Rf6+ Kg7 49. Kxc4 Nf5 50. Bxf5 Rxf4+ 51. Kd5 gxf5 52. c4 Rf1 53. a5 f4 54. axb6 axb6 55. Rxb6 f3 56. Rf6 1-0

[Event "Hilversum op-A"]
[Site "Hilversum"]
[Date "2010.06.26"]
[Round "1"]
[White "Van Brussel, Bert"]
[Black "Mostertman, Loek G"]
[Result "0-1"]
[WhiteElo "1887"]
[BlackElo "2090"]
[PlyCount "80"]
[EventDate "2010.06.26"]
[EventType "swiss"]
[EventRounds "9"]
[EventCountry "NED"]
[SourceTitle "CBM 137 Extra"]
[Source "ChessBase"]
[SourceDate "2010.09.01"]
[SourceVersion "1"]
[SourceVersionDate "2010.09.01"]
[SourceQuality "1"]

1. e4 e5 2. Nf3 Nc6 3. d4 exd4 4. Nxd4 Nf6 5. Nxc6 bxc6 6. e5 Qe7 7. Qe2 Nd5 8. c4 Ba6 9. b3 0-0-0 10. Bb2 f6 11. exf6 Nxf6 12. Qxe7 Bxe7 13. Nc3 d5 14. 0-0-0 d4 15. Ne2 c5 16. Nf4 Ng4 17. Nd3 Rhf8 18. Be2 Nxf2 19. Nxf2 Rxf2 20. Bf3 Bb7 21. Bxb7+ Kxb7 22. g3 Bg5+ 23. Kb1 Re8 24. h4 Ree2 25. Bxd4 cxd4 26. hxg5 Rb2+ 27. Ka1 Rxa2+ 28. Kb1 Rab2+ 29. Ka1 Ra2+ 30. Kb1 Rfb2+ 31. Kc1 Rg2 32. Kb1 Rab2+ 33. Ka1 Rxb3 34. Rxd4 Rbxg3 35. Rxh7 Rxg5 36. Rhh4 Rf5 37. Rh1 g5 38. Re1 g4 39. Kb1 g3 40. Rde4 Rgf2 0-1

[Event "Soest op"]
[Site "Soest"]
[Date "2001.05.27"]
[Round "6.18"]
[White "Van Leent, Dmitri"]
[Black "Van Brussel, Bert"]
[Result "1-0"]
[WhiteElo "2006"]
[BlackElo "1687"]
[PlyCount "55"]
[EventDate "2001.05.25"]
[EventType "swiss"]
[EventRounds "7"]
[EventCountry "NED"]
[SourceTitle "EXT 2002"]
[Source "ChessBase"]
[SourceDate "2001.11.25"]
[SourceVersion "1"]
[SourceVersionDate "2001.11.25"]
[SourceQuality "1"]

1. e4 c5 2. c3 d5 3. exd5 Qxd5 4. d4 Nc6 5. Nf3 e6 6. Be2 Nf6 7. 0-0 cxd4 8. cxd4 Be7 9. Nc3 Qd8 10. a3 0-0 11. Re1 Nd5 12. Ne4 h6 13. Bd3 Bf6 14. Nxf6+ Nxf6 15. b4 b6 16. Bb2 Nd5 17. Rc1 Bb7 18. Bb1 Nce7 19. Qd2 Qd6 20. Ne5 Rac8 21. f3 Rxc1 22. Bxc1 Rc8 23. Qf2 Nf5 24. Be4 Ba6 25. Kh1 Nf6 26. Bb2 Bc4 27. Rc1 Rc7 28. Rxc4 1-0

[Event "Soest op"]
[Site "Soest"]
[Date "2001.05.26"]
[Round "4.22"]
[White "Van Brussel, Bert"]
[Black "Bensdorp, Laura"]
[Result "1/2-1/2"]
[WhiteElo "1687"]
[BlackElo "1812"]
[PlyCount "33"]
[EventDate "2001.05.25"]
[EventType "swiss"]
[EventRounds "7"]
[EventCountry "NED"]
[SourceTitle "EXT 2002"]
[Source "ChessBase"]
[SourceDate "2001.11.25"]
[SourceVersion "1"]
[SourceVersionDate "2001.11.25"]
[SourceQuality "1"]

1. e4 c5 2. c3 d5 3. exd5 Qxd5 4. Nf3 Bg4 5. Qa4+ Bd7 6. Bb5 Qe6+ 7. Kd1 Nc6 8. Re1 Qg6 9. Rg1 Nf6 10. d3 0-0-0 11. Bf4 a6 12. Qxa6 e5 13. Qa8+ Kc7 14. Bxe5+ Nxe5 15. Qa5+ Kc8 16. Qa8+ Kc7 17. Qa5+ 1/2-1/2

[Event "Soest op"]
[Site "Soest"]
[Date "2001.05.25"]
[Round "1.19"]
[White "Visser, Cees"]
[Black "Van Brussel, Bert"]
[Result "1-0"]
[WhiteElo "2064"]
[BlackElo "1687"]
[PlyCount "81"]
[EventDate "2001.05.25"]
[EventType "swiss"]
[EventRounds "7"]
[EventCountry "NED"]
[SourceTitle "EXT 2002"]
[Source "ChessBase"]
[SourceDate "2001.11.25"]
[SourceVersion "1"]
[SourceVersionDate "2001.11.25"]
[SourceQuality "1"]

1. e4 c5 2. Nc3 a6 3. a4 Nc6 4. f4 d6 5. Bc4 Nf6 6. Nf3 Bg4 7. h3 Bxf3 8. Qxf3 Nd4 9. Qd1 e6 10. 0-0 Nxe4 11. Nxe4 d5 12. c3 dxe4 13. Re1 Nf5 14. a5 Nd6 15. Bb3 Be7 16. Ba4+ Kf8 17. Qh5 b5 18. Bc2 Rc8 19. Bxe4 Nxe4 20. Rxe4 c4 21. d4 cxd3 22. Rd4 Qc7 23. Rxd3 Bc5+ 24. Kh1 h6 25. f5 Qe5 26. Qd1 Re8 27. b4 Ba7 28. fxe6 Qxe6 29. Bf4 Qc8 30. Rd7 Bf2 31. Qd5 Qc4 32. Qxc4 bxc4 33. Rf1 Bh4 34. Bg5 Bf2 35. Rxf2 Re1+ 36. Kh2 hxg5 37. Rfxf7+ Ke8 38. Ra7 g4 39. Rfb7 Rd1 40. Rb8+ Rd8 41. Rxd8+ 1-0